<?xml version="1.0" encoding="UTF-8"?><marc:collection xmlns:marc="http://www.loc.gov/MARC21/slim">
  <marc:record>
    <marc:leader>00000nam##2200000za#4500</marc:leader>
    <marc:controlfield tag="001">9.678256</marc:controlfield>
    <marc:controlfield tag="003">CaOODSP</marc:controlfield>
    <marc:controlfield tag="005">20200328185756</marc:controlfield>
    <marc:controlfield tag="007">ta</marc:controlfield>
    <marc:controlfield tag="008">150407|1991||||xxc|||||     f|0| 0 fre|d</marc:controlfield>
    <marc:datafield tag="020" ind1=" " ind2=" ">
      <marc:subfield code="a">0-662-96903-0</marc:subfield>
    </marc:datafield>
    <marc:datafield tag="040" ind1=" " ind2=" ">
      <marc:subfield code="a">CaOODSP</marc:subfield>
      <marc:subfield code="b">fre</marc:subfield>
    </marc:datafield>
    <marc:datafield tag="043" ind1=" " ind2=" ">
      <marc:subfield code="a">n-cn---</marc:subfield>
    </marc:datafield>
    <marc:datafield tag="086" ind1="1" ind2=" ">
      <marc:subfield code="a">CC213-5/1991F</marc:subfield>
    </marc:datafield>
    <marc:datafield tag="110" ind1="1" ind2=" ">
      <marc:subfield code="a">Canada.</marc:subfield>
      <marc:subfield code="b">Société du crédit agricole. </marc:subfield>
      <marc:subfield code="b">Division de la recherche et de la planification.</marc:subfield>
    </marc:datafield>
    <marc:datafield tag="245" ind1="1" ind2="0">
      <marc:subfield code="a">Manuel d'uniformisation de la comptabilité agricole : </marc:subfield>
      <marc:subfield code="b">manuel de la terminologie des ratios et des règles de présentation utilisés dans l'industrie agricole / </marc:subfield>
      <marc:subfield code="c">Préparé par Samson Bélair/Deloitte &amp; Touche. </marc:subfield>
    </marc:datafield>
    <marc:datafield tag="260" ind1=" " ind2=" ">
      <marc:subfield code="a">Ottawa - Ontario : </marc:subfield>
      <marc:subfield code="b">Société du crédit agricole. </marc:subfield>
      <marc:subfield code="c">1991.</marc:subfield>
    </marc:datafield>
    <marc:datafield tag="300" ind1=" " ind2=" ">
      <marc:subfield code="a">72, 44p. : </marc:subfield>
      <marc:subfield code="b">figures, références, tableaux ; </marc:subfield>
      <marc:subfield code="c">28 cm.</marc:subfield>
    </marc:datafield>
    <marc:datafield tag="500" ind1=" " ind2=" ">
      <marc:subfield code="a">«Le présent manuel [...] a pour objet d'indiquer de quelle façon les principes comptables s'appliquent aux producteurs agricoles du Canada. Des recommandations sont formulées sur divers aspects de la comptabilité qui ne se limitent pas strictement au secteur agricole. Il faut toutefois souligner que certaines conclusions du présent manuel ne sont pas conformes aux principes comptables généralement reconnus. Il est précisé, dans l'introduction, en quoi ces écarts consistent.»--Avant-propos. «L'étude est financée par Emploi et Immigration Canada et par le comité Canada-Ontario de l'emploi agricole.»--Page 3.</marc:subfield>
    </marc:datafield>
    <marc:datafield tag="520" ind1="3" ind2=" ">
      <marc:subfield code="a">Le présent manuel [...] a pour objet d'indiquer de quelle façon les principes comptables s'appliquent aux producteurs agricoles du Canada. Des recommandations sont formulées sur divers aspects de la comptabilité qui ne se limitent pas strictement au secteur agricole. Il faut toutefois souligner que certaines conclusions du présent manuel ne sont pas conformes aux principes comptables généralement reconnus. Il est précisé, dans l'introduction, en quoi ces écarts consistent.--Avant-propos L'étude est financée par Emploi et Immigration Canada et par le comité Canada-Ontario de l'emploi agricole.--Page 3</marc:subfield>
    </marc:datafield>
    <marc:datafield tag="563" ind1=" " ind2=" ">
      <marc:subfield code="a">Couverture souple</marc:subfield>
    </marc:datafield>
    <marc:datafield tag="590" ind1=" " ind2=" ">
      <marc:subfield code="a">93-23</marc:subfield>
      <marc:subfield code="b">1993-06-11</marc:subfield>
    </marc:datafield>
    <marc:datafield tag="691" ind1="0" ind2="7">
      <marc:subfield code="a">Comptabilité</marc:subfield>
      <marc:subfield code="2">gcpds</marc:subfield>
    </marc:datafield>
    <marc:datafield tag="691" ind1="0" ind2="7">
      <marc:subfield code="a">Exploitation agricole</marc:subfield>
      <marc:subfield code="2">gcpds</marc:subfield>
    </marc:datafield>
    <marc:datafield tag="691" ind1="0" ind2="7">
      <marc:subfield code="a">Gestion financière</marc:subfield>
      <marc:subfield code="2">gcpds</marc:subfield>
    </marc:datafield>
    <marc:datafield tag="720" ind1="1" ind2=" ">
      <marc:subfield code="a">Bélair, Samson</marc:subfield>
    </marc:datafield>
    <marc:datafield tag="775" ind1="0" ind2="8">
      <marc:subfield code="t">Farm accounting standardization manual : </marc:subfield>
      <marc:subfield code="w">(CaOODSP)9.644411</marc:subfield>
    </marc:datafield>
  </marc:record>
</marc:collection>
